Fruit/Vegetable Genera - Statistics

General Stats
  • This quiz has been taken 32 times
  • The average score is 6 of 30
Answer Stats
Species Genus % Correct
Broccoli, Cabbage, Kohlrabi Brassica
69%
Onion, Leek, Garlic Allium
65%
Bell Pepper, Ancho, Jalapeno Capsicum
46%
Apricot, Cherry, Plum Prunus
35%
Apple Malus
31%
Tomato, Potato, Aubergine (Eggplant) Solanum
31%
Pineapple Ananas
23%
Squash, Pumpkin, Courgette Cucurbita
19%
Banana, Plantain Musa
19%
Raspberry, Blackberry Rubus
19%
Grapes Vitis
19%
Mango Mangifera
15%
Runner Bean, Butter (Lima) Bean Phaseolus
15%
Rosemary, Sage Salvia
15%
Ginger Zingiber
15%
Watermelon Citrullus
12%
Cucumber, Cantaloupe, Honeydew Cucumis
12%
Strawberry Fragaria
12%
Soya Bean Glycine
12%
Sweet Potato Ipomoea
12%
Basil Ocimum
12%
Radish, Daikon Raphanus
12%
Lentil, Broad (Fava) Bean Vicia
12%
Lettuce Lactuca
8%
Pea Lathyrus
8%
Pomegranate Punica
8%
Clove Syzygium
8%
Cashew Anacardium
4%
Turmeric Curcuma
4%
Cardamom Elettaria
4%
No matching quizzes found
Score Distribution
Percent of People with Each Score
Percentile by Number Answered
Your Score History
You have not taken this quiz